000 01141nam a2200289 i 4500
001 bg
100 1 _aKrzemieniewski, Mirosław.
245 1 0 _aIntensyfikacja procesu beztlenowego oczyszczania wybranych rodzajów ścieków z zakładów przemysłu spożywczego :
_bpodstawy technologiczne /
_cMirosław Krzemieniewski, Marta Jędrzejewska-Cicińska.
260 _aOlsztyn :
_bWydawnictwo Uniwersytetu Warmińsko-Mazurskiego,
_c2007.
300 _a76 s., [2] k. tabl. złoż. :
_bil. (gł. kolor.) ;
_c24 cm.
504 _aBibliogr. s. 70-74.
546 _aStreszcz. ang.
650 9 _aOczyszczalnia ścieków
_xtechnologia
650 9 _aPrzemysł rolno-spożywczy
_xwpływ na środowisko
650 9 _aŚcieki przemysłowe
_xunieszkodliwianie
700 1 _aJędrzejewska-Cicińska, Marta.
015 _aPB 22854/2007
020 _a9788372995186
040 _cBPK
041 0 _apol
_beng
044 _aPOL
080 _a628.3.034.2:628.5:663/664
920 _a978-83-7299-518-6
942 _cKS
008 070820s2007 pl |000 0 pol
999 _c54687
_d54687
856 _uhttp://koha.tu.koszalin.pl/cgi-bin/koha/opac-detail.pl?biblionumber=54687
_yKatalog online BPK